Geography Country Quiz! Albania - Statistics

General Stats
  • This quiz has been taken 28 times
  • The average score is 4 of 15
Answer Stats
Hint Answer % Correct
Capital and largest city Tirana
94%
Famous European country that sharesa border with Albania Greece
67%
Peninsula its in Balkan Peninsula
61%
Closest country that doesnt border Albania Italy
50%
Highest mountain Korab
33%
Longest river The Drin River
33%
Longest coast Albanian Ionian Sea Coast
28%
Percentage of mountains (33-100%) 75%
11%
Biggest lake (Hint: it shares itwith Montenegro) The Skadar
11%
Estimate of population (2,700,000-2,900,000) 2,800,000
6%
National Park that is by the borderNorth Macedonia Shebenik-Jabllanice Nationial Park
6%
Part of Europe Albania is in Southeastern Europe
6%
Sqaure miles (11,000-12,000) 11,100
0%
The seas it borders are——— and ———— Sea Ionian and Adratic
0%
City that’s by Kosovo Zapod
0%
No matching quizzes found
Score Distribution
Percent of People with Each Score
Percentile by Number Answered
Your Score History
You have not taken this quiz